| 000 | 00350nam a2200145Ia 4500 | ||
|---|---|---|---|
| 008 | 230917s9999||||xx |||||||||||||| ||und|| | ||
| 040 |
_e129206 _aMAIN |
||
| 041 | _aEnglish | ||
| 082 | _a342.7 H88H | ||
| 100 | _aSaksena, K.P. | ||
| 245 | 0 | _aHuman right and the constitution | |
| 260 |
_aNew Delhi _bGyan _c2003 |
||
| 300 | _a397p p. | ||
| 942 | _cBK | ||
| 999 |
_c122120 _d122120 |
||